000 01044nam a22002777a 4500
005 20250625045808.0
020 _aNA
_cTZS 15,000/=
082 _aTHS 320.9678 SAM
100 _aSamwel, Imelda
245 _aThe role of civil society organizations in women political empowerment process in Tanzania :
_bthe case of TGNP and TAMWA
_c / Imelda Samwel
260 _aMzumbe :
_bMzumbe University,
_c2012.
300 _axiii, 135 leaves:
_bill.;
_c28 cm.
500 _aA Thesis submitted to SOPAM in partial fulfilment of requirements for award of Master of Public Administration (MPA) of Mzumbe University
502 _aDisertation
_b(MPA).-
_cMzumbe Universuty,
_d2012.
504 _aIncludes references
546 _aeng
650 _aCivil society organizations
_zTanzania
650 _aTAMWA
650 _aTGNT
650 _aWomen political empowerment
_vTanzania
650 _aPolitical empowerment framework
650 _aGame theory
650 _aRational decision model
650 _aThe Garbage Can Model
942 _cTD
999 _c11028
_d11028